MESTSKÁ KNIŽNICA GIRALTOVCE  - online katalóg 

O výchove (Record no. 23930)

000 -NÁVESTIE
fixed length control field 00834cam a2200301 a 4500
001 - EVIDENČNÉ ČÍSLO ZÁZNAMU - Kontrolné číslo
control field vtls001075280
005 - DÁTUM A ČAS POSLEDNEJ TRANSAKCIE
control field 20250926082435.0
008 - ÚDAJE S PEVNOU DĹŽKOU – VŠEOBECNÉ INFORMÁCIE
fixed length control field 160414s1994 xo f 00000 slo
020 ## - MEDZINÁRODNÉ ŠTANDARDNÉ ČÍSLO KNIHY (ISBN)
Medzinárodné štandardné číslo knihy (ISBN) 8085658054
035 ## - Iný štandardný identifikátor
Iný štandardný identifikátor SNK000018112
040 ## - ZDROJ KATALOGIZÁCIE
Pôvodná katalogizujúca agentúra SNK
Jazyk katalogizácie slo
Prepisujúca agentúra SNK
Konvencie popisu AACR2
041 0# - KÓD JAZYKA
Kód jazyka textu/zvukovej stopy alebo samostatných nápisov slo
044 ## - KÓD KRAJINY VYDAVATEĽA/PRODUCENTA
Kód krajiny MARC xo
Kód krajiny ISO SK
080 ## - ČÍSLO MEDZINÁRODNÉHO DESATINNÉHO TRIEDENIA (MDT)
Číslo Medzinárodného desatinného triedenia (MDT) 37.018:26
Identifikátor vydania 1981
080 ## - ČÍSLO MEDZINÁRODNÉHO DESATINNÉHO TRIEDENIA (MDT)
Číslo Medzinárodného desatinného triedenia (MDT) 26
Identifikátor vydania 1981
100 1# - OSOBNÉ MENÁ – VŠEOBECNÉ INFORMÁCIE
Osobné meno Dubois, Jean,
Dátumy súvisiace s menom 1921-2006
Kód roly aut
-- 4834
245 10 - NÁZOV
Názov O výchove
Údaj o zodpovednosti atď. Jean Dubois
250 ## - ÚDAJ O PORADÍ VYDANIA
Údaj o poradí vydania 1. vyd.
260 ## - VYDAVATEĽSKÉ ÚDAJE, DISTRIBÚCIA ATĎ.
Miesto publikovania, distribúcie atď. Nitra
Názov vydavateľa, distibútora atď. Rodina
Dátum publikovania, distribúcie atď. 1994
Miesto výroby Bratislava
Výrobca Weltprint Charlie
300 ## - FYZICKÝ POPIS
Rozsah 123 s.
Ďalšie fyzické detaily fotogr.
Rozmery 21 cm
490 0# - EDÍCIA
Edícia Pro Veritate
650 07 - PRIDANÝ VSTUP – PREDMET – TEMATICKÉ HESLO
Tematické heslo alebo geografický názov ako vstupný prvok kresťanská výchova
Zdroj hesla alebo termínu SNKPH
-- 4835
650 07 - PRIDANÝ VSTUP – PREDMET – TEMATICKÉ HESLO
Tematické heslo alebo geografický názov ako vstupný prvok pedagogika
Zdroj hesla alebo termínu SNKPH
-- 4836
655 #7 - INDEXAČNÝ TERMÍN – ŽÁNER/FORMA
Údaje o žánri/forme alebo termín, ktorý je prvok fazety príručky
Zdroj termínu SNKPH
-- 1541
958 ## - Formálny deskriptor
Formálny deskriptor APR
958 ## - Formálny deskriptor
Formálny deskriptor TL
Holdings
Stav stiahnutia (Blokovanie) (Withrawn status) Stav straty Zdroj klasifikácie pre skladovanie Stav poškodenia (Damaged status) Nie pre výpožičky (Not for loan) Spôsob nadobudnutia (Collection code) Trvalé umiestnenie Aktuálne umiestnenie Dátum nadobudnutia Inventárne číslo (prírastkové číslo) Full call number Čiarový kód Dátum posledného výskytu Cena s účinnosťou od Typ jednotky Koha
          Dar Mestská knižnica Giraltovce Mestská knižnica Giraltovce 2025-09-26 22186 S1584 S1584 2025-09-26 2025-09-26 Odborná literatúra pre dospelých

Powered by Koha